00982nam a2200241Ia 450000100060000000300090000600800410001504000130005604000130006904100130008210000170009510000280011224500590014024500590019925000110025826000110026926000130028026000450029330000430033850002980038165000300067965000310070910973IT-RoPAU130308s9999 xx 000 0 und d aIT-RoPAU cIT-RoPAU aITALIANO aVertov Dziga gCodice Aut. SPICS: 69 aOcchio della rivoluzione (L')-Scritti dal 1922 al 1942 bOcchio della Rivoluzione (L')-Scritti dal 1922 al 1942 a1a ed. aMILANO bMazzotta c1975 [1° Ed.:1975 - Ed.Ling.Originale:] a"256 p. (prefazione: no ; testo: 256)" aScritti di Teoria Cinematografica e di Politica Culturale Kinoki Kinopravda Cinestazione sperimentale Cinereclame Kinoglaz Cinema Non Recitato Cinedramma Radiopravda Film L'Undicesimo la sinfonia del Donbass tre Canti su Lenin l'uomo con la Macchina da presa la Ragazza che Suona Il Pianoforte aTEORICHE CINEMATOGRAFICHE eCodice materia Spics: 6805